| 000 | 00703nam a2200253Ia 4500 | ||
|---|---|---|---|
| 008 | 200601s9999 xx 000 0 und d | ||
| 020 | _a981-261-123-1 | ||
| 050 | _aREF DS 796 | ||
| 050 | _b.H75W45 2005 | ||
| 100 | _aWei, Betty. | ||
| 245 | 0 | _aCultureshock! : | |
| 245 | 0 | _bHong Kong / | |
| 245 | 0 | _cBetty Wei, Elizabeth Li. | |
| 260 | _aSingapore : | ||
| 260 | _bMarshall Cavendish Editions, | ||
| 260 | _c2005 | ||
| 300 | _a294 pages : | ||
| 300 | _billustrations (some color) ; | ||
| 300 | _c22 cm. | ||
| 440 | _aCultureshock! | ||
| 500 | _aIncludes bibliographical references and index. | ||
| 650 | _aEtiquette -- Hong Kong. | ||
| 650 | _xHong Kong -- Social life and customs. | ||
| 999 |
_c363309 _d363309 |
||